The Humanities in India aPluralist Pedagogy/ (Record no. 199437)

MARC details
000 -LEADER
fixed length control field 00666nam a22002057a 4500
005 - DATE AND TIME OF LATEST TRANSACTION
control field 20231204123303.0
010 ## - LCCN (DPL NO)
LC control number ENG-138559
020 ## - INTERNATIONAL STANDARD BOOK NUMBER
International Standard Book Number 9789354427312
Terms of availability 555.00
035 ## - SYSTEM CONTROL NUMBER
System control number EN-122091
037 ## - SOURCE OF ACQUISITION
Source of stock number/acquisition DBAD/PUB
082 ## - DEWEY DECIMAL CLASSIFICATION NUMBER
Classification number 322.10954
Edition number 1
100 ## - MAIN ENTRY--PERSONAL NAME
Personal name Rycroft, Daniel J.
245 ## - TITLE STATEMENT
Title The Humanities in India aPluralist Pedagogy/
Statement of responsibility, etc By Daniel J. Rycroft
250 ## - EDITION STATEMENT
Edition statement 1
260 ## - PUBLICATION, DISTRIBUTION, ETC. (IMPRINT)
Place of publication, distribution, etc Telengana
Name of publisher, distributor, etc Orient BlackSwan Private Limited
Date of publication, distribution, etc 2023
270 ## - ADDRESS
Address 3-6-752, Himayatnagar, Hyderabad
City Telengana
Postal code 500029
Electronic mail address info@orientblackswan.com
300 ## - PHYSICAL DESCRIPTION
Extent 98p.
Dimensions 22cm(pbk)
Other physical details index
500 ## - GENERAL NOTE
General note Includes index
942 ## - ADDED ENTRY ELEMENTS (KOHA)
Source of classification or shelving scheme Dewey Decimal Classification
Item type English Books
Classification part 322.10954
Call number suffix RYC
Holdings
Withdrawn status Lost status Not for loan Collection code Home library Current library Date acquired Source of acquisition Cost, normal purchase price Full call number Barcode Copy number Cost, replacement price Koha item type
      Non-fiction Vinoba Puri Vinoba Puri 04/12/2023 DBAD/PUB 555.00 322.10954 RYC EN-122091 1 555.00 English Books

© Delhi Public Library
Hit Counter
free hit counter